| 000 | 00617nam a2200229Ia 4500 | ||
|---|---|---|---|
| 003 | OSt | ||
| 005 | 20220918230837.0 | ||
| 006 | a|||||r|||| 00| 0 | ||
| 007 | ta | ||
| 008 | 220917b |||||||| |||| 00| 0 eng d | ||
| 024 | _a260,473 | ||
| 037 | _cTextual | ||
| 040 |
_aARTS _cARTS _beng |
||
| 041 |
_2eng _aeng |
||
| 082 | _aV3:190151:M9, K5 | ||
| 100 | _aLowe C J | ||
| 245 | 0 | _aSalisbury and the mediterranean 1886-1898 | |
| 260 |
_aLondon _bRoutledge and Kegan Paul _c1965 |
||
| 300 |
_aix,121p. _ccm. |
||
| 942 |
_hV3:190151:M9, K5 _cTEXL _2CC |
||
| 999 |
_c289090 _d289090 |
||